| 000 | 00945cab a2200265 4500 | ||
|---|---|---|---|
| 001 | ABS48067 | ||
| 008 | 090401t xxu||||| |||| 00| 0 eng d | ||
| 035 | _a(Sirsi) u64773 | ||
| 041 | _aeng | ||
| 245 | _aLandlord and tenant: some recent developments | ||
| 260 | _c11(2) Winter 1992/93, 177-190(14) | ||
| 350 | _a0 | ||
| 490 |
_aJournal of Property Valuation and Investment _v11(2) Winter 1992/93, 177-190(14) |
||
| 520 | _aA round-up of recent Lands Tribunal cases on the Law of Property Act 1925 s84(1), the Leasehold Reform Act 1967 s9 and the Landlord and Tenant Act 1987 part I. | ||
| 650 | _aLANDLORD AND TENANT ACT 1987 PART I | ||
| 650 | _aLAW OF PROPERTY ACT 1925 S84(1) | ||
| 650 | _aLEASEHOLD REFORM ACT 1967 S9 | ||
| 650 | _aRE 41 WOODVILLE GARDENS | ||
| 650 | _aRE ASHLEY HOUSE | ||
| 650 | _aRE HIGH CEDAR | ||
| 650 | _aRE WICK HOUSE | ||
| 690 | _aPROPERTY-LANDLORD AND TENANT | ||
| 942 | _n0 | ||
| 948 | _c04/03/1997 | ||
| 999 |
_c40355 _d40355 |
||